000 00531nam a22001697a 4500
003 PILC
005 20150911082820.0
008 150911b xxu||||| |||| 00| 0 eng d
020 _a9710863932
050 _aDS 675.8
_b.Z21 2003
100 _aZaide, Gregorio F.
245 _aJose Rizal :
_blife, works and writings /
_cGregorio F. Zaide.
260 _aMandaluyong City :
_bNational Book Store,
_c2003.
300 _axxxiii, 312 pages ;
_c24 cm.
500 _aincludes bibliographical references and index.
942 _2lcc
_cBK
_kFIL
999 _c288665
_d288665